000 00853nam a2200145Ia 4500
008 100122s9999 xx 000 0 und d
082 _b60568
_a616.994
100 _aसोवनी रा वि
245 _aकर्करोग व उपचार परिचय पुस्तिका हाडांचा प्राथमिक स्वरुपाचा कर्करोग
260 _bजसकॅप
_c2001
300 _a30
630 _aकर्करोग व उपचार परिचय पुस्तिका हाडांचा प्राथमिक स्वरुपाचा कर्करोग
730 _aकर्करोग व उपचार परिचय पुस्तिका हाडांचा प्राथमिक स्वरुपाचा कर्करोग
942 _cBOOK
999 _c435719
_d435716